000 00587nam a22002177a 4500
001 00028815
005 20260417081119.0
008 260417b ag ||||| |||| 00| 0 spa d
020 _a9786319076226
040 _aAR-CcCEOS
_bspa
_cAR-CcCEOS
041 _aspa
080 _a860-3(82)
090 _bBAR
100 1 _aBarco, Gustavo del
_91075
245 _aLa perrera /
_cGustavo Barco
250 _a1a ed.
260 _aBuenos Aires :
_bCompaƱia Naviera Ilimitada,
_c2025.
300 _a176 p. ;
_c22x14 cm.
655 0 _aliteratura argentina
_928
_vnovela
942 _2udc
_cBK
_n0
999 _c28851
_d28851